000 00581nam a2200217Ia 4500
003 OSt
005 20220926035036.0
006 a|||||r|||| 00| 0
007 ta
008 220923b |||||||| |||| 00| 0 eng d
037 _cGeneral Book
040 _aRTL
_cRTL
_beng
041 _2eng
_aeng
082 _aX.2,d, G1
100 _aSalter Arthur
_996109
245 0 _aSchme for an economic advisory organisation in Ind
260 _c1931
650 _aIndia Economic Conditions
_940151
942 _hX.2,d, G1
_cGB
_2CC
999 _c661199
_d661199